|
|
|
|
| LEADER |
00000cam a2200000 a 4500 |
| 001 |
vtls009963844 |
| 003 |
SK-MaSNL |
| 005 |
20260301224252.0 |
| 008 |
251120s2009 xo a j f000 0 slo |
| 013 |
|
|
|a 286995
|b xxu
|c patent
|d 20090907
|e dátum nadobudnutia účinkov patentu (Vestník ÚPV SR č.: 9/2009)
|d 20090817
|e dátum sprístupnenia patentu
|
| 013 |
|
|
|a 581-2002
|e číslo prihlášky
|d 20001109
|e dátum podania prihlášky
|d 20020910
|e dátum zverejnenia prihlášky (Vestník ÚPV SR č.: 09/2002)
|
| 013 |
|
|
|a 60/164 907, 60/193 191, 60/206 420
|e číslo prioritnej prihlášky
|d 19991111, 20000330, 20000523
|e dátum podania prioritnej prihlášky
|b US, US, US
|e kód krajiny prioritnej prihlášky
|
| 015 |
|
|
|a SNBN2015
|
| 040 |
|
|
|a SNK
|b slo
|c SNK
|e AACR2
|
| 041 |
0 |
|
|a slo
|
| 044 |
|
|
|a xo
|c SK
|
| 072 |
|
7 |
|a 615
|x Farmácia. Farmakológia
|2 konspekt
|
| 072 |
|
7 |
|a 661
|x Chemikálie
|2 konspekt
|
| 072 |
|
7 |
|a 616
|x Patológia. Klinická medicína
|2 konspekt
|
| 080 |
|
|
|a 615.45
|2 2001
|
| 080 |
|
|
|a 616-006.04
|2 2001
|
| 080 |
|
|
|a 661.12
|2 2001
|
| 084 |
|
|
|a C07D 239/00
|2 IPC
|
| 084 |
|
|
|a A61K 31/505
|2 IPC
|
| 084 |
|
|
|a A61K 9/20
|2 IPC
|
| 084 |
|
|
|a A61K 31/517
|2 IPC
|
| 084 |
|
|
|a A61K 38/43
|2 IPC
|
| 084 |
|
|
|a A61K 38/55
|2 IPC
|
| 084 |
|
|
|a A61K 39/395
|2 IPC
|
| 084 |
|
|
|a A61K 45/00
|2 IPC
|
| 084 |
|
|
|a A61P 35/00
|2 IPC
|
| 084 |
|
|
|a A61P 37/00
|2 IPC
|
| 084 |
|
|
|a A61P 43/00
|2 IPC
|
| 084 |
|
|
|a A61P 9/00
|2 IPC
|
| 084 |
|
|
|a B01D 9/00
|2 IPC
|
| 245 |
0 |
0 |
|a Farmaceutický prostriedok na orálne podávanie v tuhej forme obsahujúci kryštalickú polymorfnú hydrochloridovú soľ N-(3-etinylfenyl)-6,7-bis-(2-metoxyetoxy)-4-chinazolínamínu a jeho použitie
|c Richard D. Connell ... [et al.] ; patent. zást. Marta Majlingová
|
| 260 |
|
|
|a [Banská Bystrica]
|b Úrad priemyselného vlastníctva SR
|c [2009]
|
| 300 |
|
|
|a 26 s.
|b obr., tab.
|c 30 cm
|
| 650 |
0 |
7 |
|a liečivé prípravky
|2 SNKPH
|9 84057
|
| 650 |
0 |
7 |
|a nádory
|2 SNKPH
|9 15229
|
| 650 |
0 |
7 |
|a Pharmaceutical preparations
|2 SNKPHeng
|9 303429
|
| 650 |
0 |
7 |
|a Tumors
|2 SNKPHeng
|9 316368
|
| 650 |
0 |
7 |
|a farmaceutické výrobky
|2 SNKPH
|9 51177
|
| 650 |
0 |
7 |
|a Pharmaceutical products
|2 SNKPHeng
|9 305127
|
| 655 |
|
7 |
|a patenty
|2 SNKPH
|9 177343
|
| 655 |
|
7 |
|a patent licenses
|2 SNKPHeng
|9 303430
|
| 700 |
1 |
|
|a Moyer, James D.
|4 org
|9 602053
|
| 700 |
1 |
|
|a Morin, Michael J.
|4 org
|9 616295
|
| 700 |
1 |
|
|a Majlingová, Marta
|4 oth
|9 305101
|
| 700 |
1 |
|
|a Kajiji, Shama M.
|4 org
|9 616296
|
| 700 |
1 |
|
|a Foster, Barbara A.
|4 org
|9 616297
|
| 700 |
1 |
|
|a Ferrante, Karen J.
|4 org
|9 616298
|
| 700 |
1 |
|
|a Norris, Timothy
|4 org
|9 394320
|
| 700 |
1 |
|
|a Raggon, Jeffrey W.
|4 org
|9 616299
|
| 700 |
1 |
|
|a Silberman, Sandra Leta
|4 org
|9 480677
|
| 700 |
1 |
|
|a Connell, Richard D.
|4 org
|9 616300
|
| 710 |
2 |
|
|a OSI PHARMACEUTICALS, INC. (Uniondale (NY), Spojené štáty americké)
|4 pth
|9 616301
|
| 999 |
|
|
|c 946613
|d 948543
|
| 952 |
|
|
|a SNK
|b SNK
|y NEVYP
|7 1
|p 17A1135675
|o snkSK 286995
|i snk2014/24729
|8 0
|0 0
|1 0
|4 0
|d 2015-01-22
|l 0
|r 2026-02-24 09:36:11
|w 2026-02-24
|